Aventuras de Súper Inti y Analfabruja

Shranjeno v:
Bibliografske podrobnosti
Glavni avtor: Calderón González, Teresa (Author)
Format: Knjiga
Jezik:španščina
Izdano: Santiago Alfaguara 2000
Santiago Aguilar Chilena 2000
Izdaja:1a. ed
Serija:Infantil
Teme:
Oznake: Označite
Brez oznak, prvi označite!

MARC

LEADER 00000nam a2200000 a 4500
001 UCG0170
003 CL-VaPUC
008 100312e20000000CL |||||||||||||||||spa|d
020 |a 9562391086 
082 0 4 |a Ch863  |b CAL  |2 21 
100 |a Calderón González, Teresa  |e author  |9 458979 
245 1 0 |a Aventuras de Súper Inti y Analfabruja 
250 |a 1a. ed 
300 |a 98 p 
942 |c BK 
945 |d 20100312 00:00:00  |a cmena 
260 |a Santiago  |b Alfaguara  |c 2000 
260 |a Santiago  |b Aguilar Chilena  |c 2000 
650 0 |a Cuentos chilenos   |9 308280 
650 0 |a Literatura chilena   |9 308278 
650 0 |a Literatura infantil   |9 307465 
583 |a last modification  |c 20121105 04:04:42  |k Rodrigo Vera 
490 0 |a Infantil 
999 |c 339917  |d 339915